The papers of John Foster Dulles and of Christian A. Herter, 1953-1961. Chronological correspondence series /

Bibliographic Details
Main Author: Dulles, John Foster, 1888-1959
Corporate Authors: Dwight D. Eisenhower Library, University Publications of America, Inc
Other Authors: Herter, Christian Archibald, 1895-1966, Lester, Robert
Format: Microform Book
Language:English
Published: Frederick, Md. : University Publications of America, [1986]
Series:Presidential documents series.
Subjects:

MARC

Tag First Indicator Second Indicator Subfields
LEADER 00000cam a2200000 a 4500
001 in00001201310
005 20151002072806.0
007 hd afb|||baca
008 870610s1986 mdu a 001 0 eng
010 |a  87015979  
019 |a 16471627 
020 |a 0890938903 (microfilm) :  |c $1,650.00 
035 |a (OCoLC)19850640 
035 |9 AGL3770AM 
040 |a DLC  |c DLC  |d UtOrBLW 
043 |a n-us--- 
049 |a TXAM 
050 1 0 |a E835 
050 0 0 |a Microfilm 20,210 
082 0 0 |a 327.73  |2 19 
099 |a film  |a B  |a 3839 
100 1 |a Dulles, John Foster,  |d 1888-1959. 
245 1 4 |a The papers of John Foster Dulles and of Christian A. Herter, 1953-1961.  |p Chronological correspondence series /  |c edited and compiled by Robert E. Lester. 
264 1 |a Frederick, Md. :  |b University Publications of America,  |c [1986] 
264 4 |c ©1986 
300 |a 24 microfilm reels ;  |c 35 mm. 
336 |a text  |b txt  |2 rdacontent 
337 |a microform  |b h  |2 rdamedia 
338 |a microfilm reel  |b hd  |2 rdacarrier 
490 1 |a The Presidential documents series 
500 |a Accompanied by printed reel guide of the same title. 
500 |a "Microfilmed from the holdings of the Dwight D. Eisenhower Library." 
500 |a Includes index. 
536 |a Donated by Susan Dixon Richardson and Joe C. Richardson, Jr. for the Jayne and William H. Mobley Collection in Presidential Studies. 
500 |a Microform. 
651 0 |a United States  |x Foreign relations  |y 1953-1961  |x Sources. 
600 1 0 |a Dulles, John Foster,  |d 1888-1959  |x Archives. 
600 1 0 |a Herter, Christian Archibald,  |d 1895-1966  |x Archives. 
610 1 0 |a United States.  |b Department of State  |x Archives. 
700 1 |a Herter, Christian Archibald,  |d 1895-1966. 
700 1 |a Lester, Robert. 
710 2 |a Dwight D. Eisenhower Library. 
710 2 |a University Publications of America, Inc. 
740 0 |a Guide to the microfilm edition of the papers of John Foster Dulles and Christian A. Herter 1953-1961. 
830 0 |a Presidential documents series. 
999 |a MARS 
999 f f |s 6756b220-f6a0-3dee-a3bd-fc2f73dd9e6d  |i bfa7ed1e-e42a-35db-983a-6056403c4322  |t 0 
952 f f |p normal  |a Texas A&M University  |b College Station  |c Sterling C. Evans Library  |d Evans: Microforms (3rd floor)  |t 0  |e film B 3839  |h Other scheme  |i microform -- microfilm reel  |k Reel 11  |m A14826777923 
952 f f |p normal  |a Texas A&M University  |b College Station  |c Sterling C. Evans Library  |d Evans: Microforms (3rd floor)  |t 0  |e film B 3839  |h Other scheme  |i microform -- microfilm reel  |k Reel 7  |m A14825697594 
952 f f |p normal  |a Texas A&M University  |b College Station  |c Sterling C. Evans Library  |d Evans: Microforms (3rd floor)  |t 0  |e film B 3839  |h Other scheme  |i microform -- microfilm reel  |k Reel 6  |m A14825697586 
952 f f |p normal  |a Texas A&M University  |b College Station  |c Sterling C. Evans Library  |d Evans: Microforms (3rd floor)  |t 0  |e film B 3839  |h Other scheme  |i microform -- microfilm reel  |k Reel 14  |m A14826777949 
952 f f |p normal  |a Texas A&M University  |b College Station  |c Sterling C. Evans Library  |d Evans: Microforms (3rd floor)  |t 0  |e film B 3839  |h Other scheme  |i microform -- microfilm reel  |k Reel 4  |m A14825696093 
952 f f |p normal  |a Texas A&M University  |b College Station  |c Sterling C. Evans Library  |d Evans: Microforms (3rd floor)  |t 0  |e film B 3839  |h Other scheme  |i microform -- microfilm reel  |k Reel 10  |m A14825697552 
952 f f |p normal  |a Texas A&M University  |b College Station  |c Sterling C. Evans Library  |d Evans: Microforms (3rd floor)  |t 0  |e film B 3839  |h Other scheme  |i microform -- microfilm reel  |k Reel 8  |m A14825697560 
952 f f |p normal  |a Texas A&M University  |b College Station  |c Sterling C. Evans Library  |d Evans: Microforms (3rd floor)  |t 0  |e film B 3839  |h Other scheme  |i microform -- microfilm reel  |k Reel 2  |m A14825696077 
952 f f |p normal  |a Texas A&M University  |b College Station  |c Sterling C. Evans Library  |d Evans: Microforms (3rd floor)  |t 0  |e film B 3839  |h Other scheme  |i microform -- microfilm reel  |k Reel 1  |m A14825696069 
952 f f |p normal  |a Texas A&M University  |b College Station  |c Sterling C. Evans Library  |d Evans: Microforms (3rd floor)  |t 0  |e film B 3839  |h Other scheme  |i microform -- microfilm reel  |k Reel 12  |m A14826777965 
952 f f |p normal  |a Texas A&M University  |b College Station  |c Sterling C. Evans Library  |d Evans: Microforms (3rd floor)  |t 0  |e film B 3839  |h Other scheme  |i microform -- microfilm reel  |k Reel 9  |m A14825697609 
952 f f |p normal  |a Texas A&M University  |b College Station  |c Sterling C. Evans Library  |d Evans: Microforms (3rd floor)  |t 0  |e film B 3839  |h Other scheme  |i microform -- microfilm reel  |k Reel 13  |m A14826777957 
952 f f |p normal  |a Texas A&M University  |b College Station  |c Sterling C. Evans Library  |d Evans: Microforms (3rd floor)  |t 0  |e film B 3839  |h Other scheme  |i microform -- microfilm reel  |k Reel 3  |m A14825696085 
952 f f |p normal  |a Texas A&M University  |b College Station  |c Sterling C. Evans Library  |d Evans: Microforms (3rd floor)  |t 0  |e film B 3839  |h Other scheme  |i microform -- microfilm reel  |k Reel 5  |m A14825696108 
952 f f |p normal  |a Texas A&M University  |b College Station  |c Sterling C. Evans Library  |d Evans: Microforms (3rd floor)  |t 0  |e film B 3839  |h Other scheme  |i microform -- microfilm reel  |k Reel 15  |m A14826777931 
998 f f |a film B 3839  |t 0  |l Evans: Microforms (3rd floor)